Los vencidos

Wedi'i Gadw mewn:
Manylion Llyfryddiaeth
Prif Awdur: Hurtado, Gerardo César
Fformat: Llyfr
Iaith:Undetermined
Cyhoeddwyd: San José, Costa Rica Editorial Costa Rica 1977
Pynciau:
Tagiau: Ychwanegu Tag
Dim Tagiau, Byddwch y cyntaf i dagio'r cofnod hwn!

MARC

LEADER 00000nam a2200000Ia 4500
008 170316s9999 xx 000 0 und d
040 |a cru BVZT 
090 |a 868 H-4v 
100 |a Hurtado, Gerardo César 
245 |a Los vencidos 
260 |a San José, Costa Rica  |b Editorial Costa Rica  |c 1977 
300 |a 241 páginas 
650 |a LITERATURA COSTARRICENSE 
999 |c 11209  |d 11209 
942 |c 15 D  |h 868 H-4v  |2 z